000 00592nam a2200205Ii 4500
003 JO-AjNU
008 230606s9999||||xx |||||||||||||| ||und||
020 _a978-1-5264-8921-0
040 _aJO-AjNU
_beng
_erda
_cJO-AjNU
041 _aeng
050 1 4 _aLB2805.2020
100 3 _aO'BRIEN,JARLATH,
_eauthor
_96308
245 0 0 _aLEADING BETTER BEHAVIOUR: A GUIDE FOR SCHOOL LEADERS
264 3 1 _aCalifornia: Corwin, 2020
300 _a219P
336 _atext
_btxt
_2rdacontent
337 _aunmediated
_bn
_2rdamedia
338 _avolume
_bnc
_2rdacarrier
650 4 _aSCHOOL LEADERS
_96309
999 _aE3272
_c3268
_d3268